| 000 | 00619nam a2200181 i 4500 | ||
|---|---|---|---|
| 001 | 50452 | ||
| 003 | ES-MaACL | ||
| 005 | 20230906162200.0 | ||
| 007 | t| | ||
| 008 | 030804s1954 sp d |||| | spa d | ||
| 080 | _a(038)=134.2'35 | ||
| 100 | 1 |
_aCuyás Armengol, Arturo. _9148645 |
|
| 245 | 1 | 0 |
_aDiccionario ortográfico de bolsillo _b: adaptado a las más recientes normas de la Real Academia de la Lengua / _cArturo Cuyas Armengol. |
| 260 |
_aBarcelona : _bHymsa, _c1954 ( _fS.G.P.) |
||
| 300 |
_a452 p. ; _c15 cm. |
||
| 650 | 4 |
_aLengua española- _xOrtografía- _vDiccionarios. _9139587 |
|
| 852 |
_aES-MaACL _jC-10137 |
||
| 999 |
_c50452 _d50452 |
||